000 00649nam a2200241Ia 4500
003 OSt
005 20220928103051.0
006 a|||||r|||| 00| 0
007 ta
008 220927b |||||||| |||| 00| 0 eng d
024 _a60825
037 _cTextual
040 _aSDCL
_cSDCL
_beng
041 _2eng
_aeng
082 _aP15,Cx1,1,6x, K9
100 _aJha Kalanatha
_9402016
245 0 _aKarakadarsana.
260 _aVaranasi
_bChowkhamba Vidyabhawan
_c1969
300 _a195p.
_ccm.
490 _aVidyabhawan sanskrit Granthmala
942 _hP15,Cx1,1,6x, K9
_cTEXL
_2CC
999 _c717858
_d717858